ADVANCED QUANTUM MECHANICS (Record no. 10036)
[ view plain ]
| 000 -LEADER | |
|---|---|
| fixed length control field | 00305nam a22001457a 4500 |
| 003 - CONTROL NUMBER IDENTIFIER | |
| control field | SGT |
| 082 ## - DEWEY DECIMAL CLASSIFICATION NUMBER | |
| Classification number | 530.12,RAJ |
| 100 ## - MAIN ENTRY--PERSONAL NAME | |
| Personal name | RAJPUT,B.S |
| 245 ## - TITLE STATEMENT | |
| Title | ADVANCED QUANTUM MECHANICS |
| 250 ## - EDITION STATEMENT | |
| Edition statement | 1ST |
| 260 ## - PUBLICATION, DISTRIBUTION, ETC. (IMPRINT) | |
| Place of publication, distribution, etc | MEERUT |
| Name of publisher, distributor, etc | PRAGATI PRAKASHAN |
| Year of Publication | 2016 |
| 300 ## - PAGE DESCRIPTION | |
| No. of Pages | 824 |
| 650 ## - SUBJECT ADDED ENTRY--TOPICAL TERM | |
| Topical term or geographic name as entry element | PHYSICS |
| 942 ## - ADDED ENTRY ELEMENTS (KOHA) | |
| Source of classification or shelving scheme | Dewey Decimal Classification |
| Koha item type | FPS Books |
| Withdrawn status | Lost status | Source of classification or shelving scheme | Damaged status | Not for loan | Collection code | Home library | Current library | Shelving location | Date acquired | Vendor Name | Cost, normal purchase price | SGTU | Bill Number | Total Checkouts | Full call number | Accession No. (Barcode) | Date last seen | Date last borrowed | Bill Date | Koha item type |
|---|---|---|---|---|---|---|---|---|---|---|---|---|---|---|---|---|---|---|---|---|
| Dewey Decimal Classification | SCIENCE | SGT Science & Social Sciences Library | SGT Science & Social Sciences Library | Text Book | 25/11/2016 | PRAGATI PRAKASHAN | 480.00 | SGTU | 7099 | 6 | 530.12,RAJ | PS2791 | 14/03/2020 | 11/03/2020 | 26/09/2016 | FPS Books | ||||
| Dewey Decimal Classification | SCIENCE | SGT Science & Social Sciences Library | SGT Science & Social Sciences Library | Text Book | 25/11/2016 | PRAGATI PRAKASHAN | 480.00 | SGTU | 7099 | 1 | 530.12,RAJ | PS2792 | 23/01/2019 | 08/01/2019 | 26/09/2016 | FPS Books | ||||
| Dewey Decimal Classification | SCIENCE | SGT Science & Social Sciences Library | SGT Science & Social Sciences Library | Text Book | 25/11/2016 | PRAGATI PRAKASHAN | 480.00 | SGTU | 7099 | 8 | 530.12,RAJ | PS2793 | 11/05/2019 | 25/04/2019 | 26/09/2016 | FPS Books | ||||
| Dewey Decimal Classification | SCIENCE | SGT Science & Social Sciences Library | SGT Science & Social Sciences Library | Text Book | 25/11/2016 | PRAGATI PRAKASHAN | 480.00 | SGTU | 7099 | 7 | 530.12,RAJ | PS2794 | 28/02/2020 | 13/02/2020 | 26/09/2016 | FPS Books |